01324naa#a2200217#i#4500001001600000005001700016011001400033100004100047102000700088200022000095210020500315215001000520608004500530675022300575700006400798700004800862700005800910700005600968700005201024856003001076RU\\bibl\12341320260705165658.7##a1994-4683##a20230731b2023####ek#y0rusy0150####ca##aRU1#aЭКСПРЕСС-ТЕСТЫ И ИНДЕКСЫ ПОКАЗАТЕЛЕЙ ФИЗИЧЕСКОГО РАЗВИТИЯ И ФУНКЦИОНАЛЬНОГО СОСТОЯНИЯ СТУДЕНТОВeЖурнальная статья1#aМоскваcНациональный государственный Университет физической культуры, спорта и здоровья им. П.Ф. Лесгафтаd2023##a4 с.##aЖурнальная статья2local##aМетодика физического воспитания. Пути и средства физического воспитания. Учебные заведения физической культуры. 796.011.3#1aРаевскийgДмитрий Александрович#1aЧичеринgВадим Петрович#1aДомащенкоgВалерий Сергеевич#1aМамышевgЕвгений Васильевич#1aТереховаgНина Васильевна4#auchzapiski.lesgaft.spb.ru